Guess The MC Horror Entity From The Picture: Creepypasta Edition - Statistics

General Stats
  • This quiz has been taken 32 times
  • The average score is 13 of 40
Answer Stats
Picture Answer % Correct
Entity_b
100%
Herobrine
100%
Entity_a
85%
Entity_c
75%
Null
75%
Entity 303
70%
Giant Alex
70%
Blood Golem
55%
White Enderman
45%
Abomination
40%
Distorted Alex
40%
Faceless Villager
40%
Green Steve
40%
Billy
35%
Vill R
35%
Entity 404
30%
Farlands Creature
30%
Bobby1545
25%
Entity Zero
20%
Long Legged Steve
20%
One Red Eye
20%
Void Eyes
20%
Death Steve
15%
Entity Red Black
15%
Entity_Redman
15%
Light Seeker
15%
Mother Ender
15%
NPC
15%
Server
15%
Alivia
10%
Broken Entity
10%
Broken.File.Exe
10%
Eidolon
10%
Entity_night
10%
Mfhrqpi Entity
10%
Pixelated
10%
Sister Lucy
10%
The Mimicker
10%
Twisted Steve
10%
Voided
10%
No matching quizzes found
Score Distribution
Percent of People with Each Score
Percentile by Number Answered
Your Score History
You have not taken this quiz